Mentre l'Inghilterra dorme

Furkejuvvon:
Bibliográfalaš dieđut
Váldodahkki: Leavitt David
Materiálatiipa: Girji
Giella:meroštallameahttun
Almmustuhtton: Milano Mondadori 1995
Fáddágilkorat: Lasit fáddágilkoriid
Eai fáddágilkorat, Lasit vuosttaš fáddágilkora!

MARC

LEADER 00000nam a2200000Ia 4500
001 184
003 NUMERAZIONE-ORIGINALE-BRESCIA
005 20260206230749.0
008 260206s9999 xx 000 0 und d
100 |a Leavitt David 
245 0 |a Mentre l'Inghilterra dorme 
260 |a Milano 
260 |b Mondadori 
260 |c 1995 
500 |a Omnibus 
942 |2 ddc  |c BK  |n 0 
952 |0 0  |1 0  |2 ddc  |4 0  |6 21  |7 0  |9 28382  |a BS  |b BS  |d 2026-02-06  |i 184  |l 0  |o 2-1-*  |r 2026-02-06 22:40:33  |w 2026-02-06  |x [REVISIONARE]  |y BK 
999 |c 24065  |d 24065